000 00666nam a22001937a 4500
003 OSt
005 20220929173933.0
008 220929b |||||||| |||| 00| 0 eng d
040 _cBiblioteca Lado V
082 _a750
_bIN59b
110 _925
_aInstituto de Cultura Puertorriqueña
245 _aVll Bienal de La Habana 2000/
260 _aPuerto Rico
_aCuba
_bCopa Airlines
_c2000
300 _a12p.
_bson hojas sueltas en un folder
_c23x26cm
650 _2Tesauro de Arte & Arquitectura
_aARTE
650 _2Tesauro de Arte & Arquitectura
_aARTE VISUAL
650 _2Tesauro de Arte & Arquitectura
_aBIENAL
942 _2ddc
_c1
_h750
_iIN59b
_n0
999 _c2135
_d2135